Students use of language learning strategies in a selected english language web site /
Saved in:
| 主要作者: | |
|---|---|
| 格式: | Thesis 图书 |
| 语言: | English |
| 出版: |
2000.
|
| 主题: | |
| 标签: |
添加标签
没有标签, 成为第一个标记此记录!
|
| LEADER | 01130cam a2200265 a 4500 | ||
|---|---|---|---|
| 001 | u488664 | ||
| 003 | SIRSI | ||
| 008 | 960110s2000 my t 00 10 eng m | ||
| 035 | |a ACR-2020 | ||
| 040 | |a UMM | ||
| 090 | |a LB7 |b UM 2000 Bahhms | ||
| 100 | 0 | 0 | |a Baharudin Haji Mohd. Shah. |
| 245 | 1 | 0 | |a Students use of language learning strategies in a selected english language web site / |c Baharudin bin Haji Mohd. Shah. |
| 260 | |c 2000. | ||
| 300 | |a xi, 176 leaves : |b ill. ; |c 29 cm. | ||
| 502 | |a Dissertation (M.Ed.) -- Fakulti Pendidikan, Universiti Malaya, 2000. | ||
| 504 | |a Bibliography: leaves 170-176. | ||
| 650 | 0 | |a English language |x Study and teaching. | |
| 650 | 0 | |a Internet in education. | |
| 710 | 2 | 0 | |a Universiti Malaya. |b Fakulti Pendidikan. |
| 948 | |a 09/10/2001 |b 06/06/2002 | ||
| 596 | |a 1 8 | ||
| 999 | |a LB7 UM 2000 BAHHMS |w LC |c 1 |i A510574015 |d 10/5/2014 |e 10/5/2014 |l STACKS |m P01UTAMA |n 9 |r Y |s Y |t TESIS |u 6/12/2001 | ||
| 999 | |a LB7 UM 2000 BAHHMS |w LC |c 1 |i A511184275 |l STACKS |m P08PENDIDI |r Y |s Y |t TESIS |u 5/8/2003 | ||
| 999 | |a LB7 UM 2000 BAHHMS |w LC |c 2 |i A516804429 |d 7/5/2018 |f 7/5/2018 |g 1 |l STACKS |m P08PENDIDI |r Y |s Y |t TESIS |u 7/5/2018 |1 AHSS | ||
